00733nam a2200181 i 4500001000400000100002500004245014200029260006100171300002700232650005700259700003200316700003300348020001500381040000800396041000800404008004100412856009800453bgj1 aMILLER, James E. Jr.10aThree centuries of English Literature 1625/1900 :bJohn Donne - Lewis Carrol /cJames E. Miller, Jr. ; Myrtle J. Jones ; Helen McDonnell. aGlenview, Ill. :bScott, Foresman and Company,cc. 1976. aVIII, 255 pp ;c24 cm. 9aEnglish literaturexHistory and criticismy1625-19001 aJONES, Myrtle J.eco-author1 aMcDONNEL, Helene.eco-author a0673102173 cBPK0 aeng s uk f |000 0 eng  uhttp://koha.tu.koszalin.pl/cgi-bin/koha/opac-detail.pl?biblionumber=48646yKatalog online BPK